• 首页
  • 本馆介绍
  • 公告通知
  • 最新文献
  • 馆藏检索
  • 电子资源
  • 读者导购
  • 参考咨询
  • 我的图书馆
  • 登录
  • 详细信息显示
  • 放入我的书架
  • 预约/预借图书
  • 作者相关作品
  • 分类相关作品
  • 丛书相关作品
  • 出版社相关作品

书目信息

  • 表格格式
  • 工作单格式
  • 卡片格式
题名:
古典传统与自由教育
    
 
作者: 刘小枫 , 陈少明 主编
分册:  
出版信息: 北京   华夏出版社  2005
页数: 319页
开本: 23cm
丛书名: 经典与解释
单 册:
中图分类: B12
科图分类:
主题词: 教育--研究--世界--古代
电子资源:
ISBN: 7-5080-3677-8
000 01303nam0 2200349 450
000 01266nam0 2200337 450
000 01265nam0 2200349 450
000 01211nam0 2200325 450
000 01229nam0 2200313 450
000 01192nam0 2200301 45
001 TS2006024982
005 20061214152523.29
010    @a7-5080-3677-8@dCNY35.00
100    @a20060829d2005 em y0chiy0110 ea
101 1  @achi@cmul
102    @aCN@b110000
105    @ay z 000yy
200 1  @a古典传统与自由教育@AGu Dian Chuan Tong Yu Zi You Jiao Yu@f刘小枫,陈少明主编@FLiu Xiao Feng, Chen Shao Ming Zhu Bian
210    @a北京@c华夏出版社@d2005
215    @a319页@d23cm
225 2  @a经典与解释@v5
330    @a本书分“古典传统与自由教育”、“古典作品研究”、“思想史发微”、“古文今刊”、“书评”五部分专题,共收录了十余篇论文。即《什么是自由教育》、《施特劳斯在芝加哥大学》等。
410  0 @12001 @a经典与解释
510 1  @aClassic & Interpretation@zeng
606 0  @a教育@x研究@y世界@z古代
690    @aB12@v4
701  0 @a刘小枫@ALiu Xiao Feng@c(哲学)@4主编
701  0 @a陈少明@AChen Shao Ming@f(1958~)@4主编
801  0 @aCN@b中图数据@c20061214
905    @a10447@dB12@e52
    
    古典传统与自由教育/刘小枫,陈少明主编.-北京:华夏出版社,2005
    319页;23cm.-(经典与解释;5)
    
    
    ISBN 7-5080-3677-8:CNY35.00
    本书分“古典传统与自由教育”、“古典作品研究”、“思想史发微”、“古文今刊”、“书评”五部分专题,共收录了十余篇论文。即《什么是自由教育》、《施特劳斯在芝加哥大学》等。
●
相关链接 在E读中查询图书 在五车中查询图书 在当当中查询图书 在豆瓣中查询图书


正题名:古典传统与自由教育     索取号:B12/52         预约/预借

序号 登录号 条形码 馆藏地/架位号 状态 备注
1 0612828   206128288   第一样本阅览室/ [索取号:B12/52] 在馆    
2 0612829   206128297   教育系资料室/ [索取号:B12/52] 在馆    
3 0612830   206128304   第一借阅区/ [索取号:B12/52] 在馆    
4 0612831   206128313   第一借阅区/ [索取号:B12/52] 在馆    
5 0612832   206128322   教育系资料室/ [索取号:B12/52] 在馆    
唐山师范学院图书馆 欢迎您!
大连网信软件有限公司© 版权所有